Fisiologia humana de Bernardo Houssay (Registro nro. 2904)
[ vista simple ]
| 000 -LEADER | |
|---|---|
| fixed length control field | 00295nam a22001097a 4500 |
| 008 - FIXED-LENGTH DATA ELEMENTS--GENERAL INFORMATION | |
| fixed length control field | 190405e1989 ag ||||| |||| 00| 0 spa d |
| 100 1# - MAIN ENTRY--PERSONAL NAME | |
| Personal name | Cingolani, Horacio |
| 245 ## - TITLE STATEMENT | |
| Title | Fisiologia humana de Bernardo Houssay |
| Designation of section section/part/series: (SE) [OBSOLETE] | 1, 2 y 4 |
| 250 ## - EDITION STATEMENT | |
| Edition statement | 6a ed. |
| 260 ## - PUBLICATION, DISTRIBUTION, ETC. (IMPRINT) | |
| Place of publication, distribution, etc | Buenos Aires |
| Name of publisher, distributor, etc | El Ateneo |
| Date of publication, distribution, etc | 1989 |
| 500 ## - GENERAL NOTE | |
| Materials specified | Baja |
| Withdrawn status | Lost status | Source of classification or shelving scheme | Damaged status | Use restrictions | Not for loan | Location (home branch) | Sublocation or collection (holding branch) | Date acquired | Koha issues (times borrowed) | Piece designation (barcode) | Koha date last seen | Copy number | Price effective from | Koha item type | Public note |
|---|---|---|---|---|---|---|---|---|---|---|---|---|---|---|---|
| Dewey Decimal Classification | Restricted Access | Not For Loan | Biblioteca Medicina | Biblioteca Medicina | 05/04/2019 | 733 | 05/04/2019 | Ej. 1 T.1 | 05/04/2019 | Libros | Baja | ||||
| Dewey Decimal Classification | Restricted Access | Not For Loan | Biblioteca Medicina | Biblioteca Medicina | 05/04/2019 | 734 | 05/04/2019 | Ej. 1 T.2 | 05/04/2019 | Libros | Baja | ||||
| Dewey Decimal Classification | Restricted Access | Not For Loan | Biblioteca Medicina | Biblioteca Medicina | 05/04/2019 | 1695 | 05/04/2019 | Ej. 1 T.4 | 05/04/2019 | Libros | Baja |